000 00717nam a2200241 i 4500
003 DO-SdBNP
005 20250410094323.0
007 ta
008 250410b2024 dr ||||| |||| 00| 0 spa d
020 _a9789945291322
040 _aDO-SdBNP
_bspa
_cBNPHU
_erda
041 _aspa
082 4 _a0
_bC389e
_222
100 1 _aCedano, Stiwart,
_eautor
_4aut.
_986994
245 1 0 _aEvangelio de Emmanuel /
_cStiwart Cedano.
264 _aSanto Domingo, República Dominicana :
_bAmigos del Hogar,
_c2024.
300 _a304 páginas ;
_c22 cm.
336 _atexto
_btxt
_2rdacontent
337 _asin mediación
_bn
_2rdamedia
338 _avolumen
_bnc
_2rdacarrier
590 _aInventariado, 2025 /LP
942 _2ddc
_cLBS1
999 _c58141
_d58141